Qualitative research in business & management
Saved in:
| Hovedforfatter: | |
|---|---|
| Format: | Bog |
| Sprog: | engelsk |
| Udgivet: |
SAGE
2013
|
| Tags: |
Tilføj Tag
Ingen Tags, Vær først til at tagge denne postø!
|
MARC
| LEADER | 00000nam a22000007a 4500 | ||
|---|---|---|---|
| 008 | 210406b ||||| |||| 00| 0 eng d | ||
| 020 | |a 978-0-85702-974-4 | ||
| 100 | |a MYERS, Michael D. | ||
| 245 | |a Qualitative research in business & management |c Michael D. Myers |g xii, 277p; ill. | ||
| 250 | |b 2nd ed. | ||
| 260 | |b SAGE |c 2013 |h Los Angeles |i 693457 |i 693458 |l HD30.4 .M99 |m Management – Research. | ||
| 500 | |a “It includes references and index” | ||
| 942 | |a lcc |c BK |e YUNUSA, A.A. |f 6/4/21 | ||
| 952 | |0 0 |1 0 |2 lcc |4 0 |6 HD00304 M99 |7 0 |9 2035 |a HOL |b MPL |c GJ |d 2021-04-06 |l 0 |o HD30.4 .M99 |p 2021-5893 |r 2021-04-06 00:00:00 |w 2021-04-06 |y BK | ||
| 952 | |0 0 |1 0 |2 lcc |4 0 |6 HD00304 M99 |7 0 |9 2036 |a HOL |b HOL |c GJ |d 2021-04-06 |l 0 |o HD30.4 .M99 |p 2021-5894 |r 2021-04-06 00:00:00 |w 2021-04-06 |y BK | ||
| 999 | |c 1056 |d 1056 | ||